000 00495nam a2200181Ia 4500
008 090124s9999 xx 000 0 und d
082 _b28657
100 _aबांदोडकर व. पु.
245 _a वैर
250 _a1
260 _bप्रिया प्रकाशन
_c1990
300 _a219
600 _aबांदोडकर व. पु.
630 _a वैर
700 _aबांदोडकर व. पु.
730 _a वैर
942 _cBOOK
999 _c95310
_d95310